000 00577 a2200217 4500
001 54631
005 20260407155821.0
008 260407a1968 arg spa d
003 AR-UNSa-BCEJYS
040 _aAR-UNSa-BCEJYS
_bspa
_cAR-UNSa-BCEJYS
080 _a347.939
_xJuicio
245 1 0 _aJuicios sumarios
250 _a2a. ed.
264 1 _aLa Plata :
_bEditora Platense
_c1968
300 _a2 v. (508 ; 527 p.)
_c23 cm.
041 _aspa
942 _cBK
590 _aniveau_biblio:m niveau_hierar:0
100 1 _aMorello, Augusto Mario
700 1 _aSosa, Gualberto L.
999 _c5705
_d5705